[Event "TCh-TUR Super League 2015"]
[Site "Kocaeli TUR"]
[Date "2015.08.13"]
[Round "11.1"]
[Board "5"]
[White "Ushenina, Anna"]
[Black "Atalik, Ekaterina"]
[Result "1/2-1/2"]
[WhiteTitle "GM"]
[BlackTitle "IM"]
[WhiteElo "2435"]
[BlackElo "2382"]
[WhiteTeam "T.S Alyans Satranc Sports Club"]
[BlackTeam "Kayseri Seker Sports Club"]
[WhiteFideId "14110911"]
[BlackFideId "4130189"]
[EventDate "2015.08.04"]

1. c4 e5 2. Nc3 Nf6 3. g3 d5 4. cxd5 Nxd5 5. Bg2 Nb6 6. Nf3 Nc6 7. O-O Be7 8. d3
O-O 9. Be3 Be6 10. Rc1 Nd5 11. Nxd5 Bxd5 12. Qa4 a6 13. a3 Bd6 14. Nd2 Bxg2 15.
Kxg2 Kh8 16. Nf3 h6 17. b4 f5 18. Rb1 Qe8 19. Qc2 Rd8 20. Qc4 b5 21. Qc2 f4 22.
Bc5 Bxc5 23. Qxc5 e4 24. dxe4 Qxe4 25. Rbd1 Rde8 26. Rd7 fxg3 27. hxg3 Rf6 28.
Qc3 Ne5 29. Rxc7 Qxe2 30. Nxe5 Rxe5 31. Rc8+ Kh7 32. Qc2+ Re4 33. Qb3 Ree6 34.
Qb1+ Qe4+ 1/2-1/2

[Event "TCh-TUR Super League 2015"]
[Site "Kocaeli TUR"]
[Date "2015.08.13"]
[Round "11.1"]
[Board "6"]
[White "Yurtseven, Melih"]
[Black "Koksal, Ege"]
[Result "0-1"]
[WhiteTitle "FM"]
[BlackTitle "FM"]
[WhiteElo "2299"]
[BlackElo "2347"]
[WhiteTeam "Kayseri Seker Sports Club"]
[BlackTeam "T.S Alyans Satranc Sports Club"]
[WhiteFideId "6312160"]
[BlackFideId "6317626"]
[EventDate "2015.08.04"]

1. e4 e5 2. Nf3 Nc6 3. Bc4 Bc5 4. O-O Nf6 5. d3 d6 6. c3 O-O 7. h3 Bb6 8. Bb3
Ne7 9. Re1 Ng6 10. Nbd2 c6 11. Nf1 Nh5 12. d4 Qe8 13. Ne3 Nhf4 14. Nf5 Bc7 15.
dxe5 dxe5 16. g3 Ne6 17. Be3 Bb6 18. Qe2 Nc5 19. Bc2 Nd7 20. Rad1 Nf6 21. Nd6
Qe7 22. Nxc8 Rfxc8 23. Bb3 h6 24. Bxb6 axb6 25. Nd2 b5 26. Nf1 Nf8 27. Ne3 g6
28. Ng4 Nxg4 29. hxg4 Ne6 30. Qd2 Ng5 31. Kg2 Rd8 32. Qe3 Kg7 33. Rxd8 Rxd8 34.
f4 Ne6 35. g5 h5 36. Rf1 Qd6 37. Rf2 exf4 38. gxf4 Nc5 39. Bc2 Nd3 40. Bxd3 Qxd3
41. Qe2 Qb1 42. a3 Rd1 43. Qc2 Qa1 44. Kf3 Rh1 45. Ke3 Qg1 46. Qe2 Rh3+ 47. Kd4
Rh2 48. Ke3 c5 49. Qf3 Qc1+ 50. Kd3 Rh1 51. e5 Rd1+ 52. Ke4 Qb1+ 0-1

[Event "TCh-TUR Super League 2015"]
[Site "Kocaeli TUR"]
[Date "2015.08.13"]
[Round "11.1"]
[Board "7"]
[White "Dedebas, Emre Emin"]
[Black "Ozen, Deniz"]
[Result "1/2-1/2"]
[BlackTitle "FM"]
[WhiteElo "1975"]
[BlackElo "2066"]
[WhiteTeam "T.S Alyans Satranc Sports Club"]
[BlackTeam "Kayseri Seker Sports Club"]
[WhiteFideId "6349005"]
[BlackFideId "6349196"]
[EventDate "2015.08.04"]

1. d4 d5 2. Nf3 Nf6 3. c4 e6 4. Nc3 Be7 5. Qc2 O-O 6. Bg5 Nbd7 7. Rd1 c6 8. e3
b6 9. Bd3 Ba6 10. Qa4 Bb7 11. cxd5 Nxd5 12. Nxd5 cxd5 13. Bf4 Nf6 14. Rc1 Bd6
15. Bxd6 Qxd6 16. O-O a6 17. Ne5 Rac8 18. h3 b5 19. Qd1 Rxc1 20. Qxc1 Rc8 21.
Qd2 1/2-1/2

[Event "TCh-TUR Super League 2015"]
[Site "Kocaeli TUR"]
[Date "2015.08.13"]
[Round "11.1"]
[Board "8"]
[White "Aksoy, Ayca"]
[Black "Ozbay, Ece"]
[Result "1-0"]
[BlackTitle "WCM"]
[WhiteElo "1758"]
[BlackElo "1804"]
[WhiteTeam "Kayseri Seker Sports Club"]
[BlackTeam "T.S Alyans Satranc Sports Club"]
[WhiteFideId "6355978"]
[BlackFideId "6351743"]
[EventDate "2015.08.04"]

1. d4 d5 2. Nf3 Nf6 3. c4 e6 4. Nc3 Nbd7 5. cxd5 exd5 6. Bg5 c6 7. e3 Be7 8. Bd3
Ne4 9. Bxe7 Qxe7 10. Qc2 f5 11. O-O O-O 12. Rab1 Rf6 13. b4 b5 14. Ne2 Nb6 15.
Ne5 Nc4 16. Bxc4 bxc4 17. f3 Ng5 18. Nc3 f4 19. e4 Nf7 20. Nxf7 Qxf7 21. b5 Rh6
22. Qd2 g5 23. bxc6 Qh5 24. h3 dxe4 25. Nxe4 Rxc6 26. d5 Rh6 27. d6 Be6 28. d7
Rd8 29. Rb7 Qf7 30. Nxg5 Qf5 31. Nxe6 Rxe6 32. Qb4 Qd5 33. Rb8 Qxd7 34. Rxd8+
Qxd8 35. Qxc4 Qb6+ 36. Kh1 Qe3 37. Rd1 Kg7 38. Qb5 Kh6 39. Qb8 Qe5 40. Qxa7 Qe2
41. Qa4 Kg6 42. Qb3 h6 43. a4 h5 44. a5 Kh6 45. Qa4 Kg6 46. Ra1 Qd2 47. Qd1
Qxd1+ 48. Rxd1 Ra6 49. Ra1 h4 50. Ra4 Kf5 51. Kg1 Ke5 52. Kf2 Kf5 53. Ke2 Ke5
54. Kd3 Rd6+ 55. Kc4 Ra6 56. Kb5 Ra8 57. a6 Kf5 58. a7 Ke5 59. Kb6 Kf5 60. Kb7
Rxa7+ 61. Kxa7 Ke5 62. Kb6 Kf5 63. Ra5+ Kg6 64. Kc6 Kf6 65. Kd6 Kg6 66. Ke6 Kg7
67. Rf5 Kg6 68. Rxf4 Kg7 69. Rxh4 Kg6 70. f4 Kg7 71. f5 Kg8 72. f6 Kf8 73. Rh8# 1-0

[Event "TCh-TUR Super League 2015"]
[Site "Kocaeli TUR"]
[Date "2015.08.13"]
[Round "11.2"]
[Board "2"]
[White "Benidze, Davit"]
[Black "Ari, Zeki"]
[Result "1-0"]
[WhiteTitle "GM"]
[BlackTitle "FM"]
[WhiteElo "2469"]
[BlackElo "2192"]
[WhiteTeam "Kahramanmaras Buyuksehir Belediye Sports Club"]
[BlackTeam "Kocaeli Buyuksehir Belediyesi Kagit Sports Club"]
[WhiteFideId "13603086"]
[BlackFideId "6300421"]
[EventDate "2015.08.04"]

1. Nf3 c5 2. g3 Nc6 3. Bg2 g6 4. c4 Bg7 5. Nc3 e5 6. O-O Nge7 7. a3 a5 8. d3 O-O
9. Ne1 Nd4 10. e3 Ndc6 11. Nc2 d6 12. Rb1 a4 13. Ne1 Qa5 14. Bd2 Be6 15. h4 h6
16. Nf3 f5 17. Qc2 Kh7 18. Rbc1 Bg8 19. Rfd1 Qa6 20. Be1 Bf6 21. Nd2 Kg7 22.
Ndb1 Bf7 23. Nb5 Rad8 24. N1c3 g5 25. hxg5 hxg5 26. Qxa4 Qb6 27. b4 Bh5 28. Rd2
f4 29. bxc5 dxc5 30. Be4 f3 31. Nd5 Nxd5 32. cxd5 Rh8 33. dxc6 bxc6 34. Rb2 cxb5
35. Rxb5 Qe6 36. Rb7+ Be7 37. Qc4 Qh3 38. Rxe7+ Kf8 39. Bxf3 Kxe7 40. Qxc5+ Kf6
41. Qb6+ Kg7 42. Qc7+ Kh6 43. Bxh5 Kxh5 44. Qf7+ 1-0

[Event "TCh-TUR Super League 2015"]
[Site "Kocaeli TUR"]
[Date "2015.08.13"]
[Round "11.2"]
[Board "3"]
[White "Ersahin, Bulent"]
[Black "Soysal, Serkan"]
[Result "0-1"]
[BlackTitle "FM"]
[WhiteElo "2171"]
[BlackElo "2293"]
[WhiteTeam "Kocaeli Buyuksehir Belediyesi Kagit Sports Club"]
[BlackTeam "Kahramanmaras Buyuksehir Belediye Sports Club"]
[WhiteFideId "6302670"]
[BlackFideId "6349250"]
[EventDate "2015.08.04"]

1. Nf3 g6 2. g3 Bg7 3. Bg2 Nf6 4. c4 c6 5. O-O O-O 6. d4 d5 7. cxd5 cxd5 8. Ne5
e6 9. Nc3 Nfd7 10. f4 Nxe5 11. fxe5 Nc6 12. Be3 f6 13. exf6 Rxf6 14. Qd2 Bd7 15.
Kh1 Qe7 16. Rxf6 Bxf6 17. Rf1 Rf8 18. Bh6 Rf7 19. e4 dxe4 20. d5 Bxc3 21. bxc3
Rxf1+ 22. Bxf1 exd5 23. Qxd5+ Be6 24. Qxe4 Bxa2 25. Bc4+ Bxc4 26. Qxc4+ Qf7 27.
Qd3 Qe6 28. Kg2 Kf7 29. Qf1+ Qf5 30. Qc4+ Ke7 31. Qg8 Qf7 32. Bg5+ Ke6 33. Qc8+
Qd7 34. Qg8+ Qf7 35. Qc8+ Kd5 36. Bf4 Kc4 37. Qh8 g5 38. Be3 Kd3 39. Bd4 Ke2 40.
Qf6 Qxf6 41. Bxf6 g4 42. h3 h5 43. hxg4 hxg4 0-1

[Event "TCh-TUR Super League 2015"]
[Site "Kocaeli TUR"]
[Date "2015.08.13"]
[Round "11.2"]
[Board "4"]
[White "Karaoglan, Kivanc"]
[Black "Kucumenler, Tarkan"]
[Result "1-0"]
[WhiteElo "1981"]
[BlackElo "2050"]
[WhiteTeam "Kahramanmaras Buyuksehir Belediye Sports Club"]
[BlackTeam "Kocaeli Buyuksehir Belediyesi Kagit Sports Club"]
[WhiteFideId "6329152"]
[BlackFideId "6301010"]
[EventDate "2015.08.04"]

1. e4 c5 2. Nf3 d6 3. Bb5+ Nd7 4. d4 cxd4 5. Qxd4 a6 6. Bxd7+ Bxd7 7. c4 Bg4 8.
Nbd2 Nf6 9. O-O Rc8 10. h3 Bxf3 11. Nxf3 g6 12. b3 Bg7 13. Bb2 O-O 14. Rfe1 b5
15. cxb5 axb5 16. e5 dxe5 17. Qxe5 Rc2 18. Bd4 b4 19. Qxe7 Qxe7 20. Rxe7 Nd5 21.
Bxg7 Kxg7 22. Rd7 Nc3 23. Nd4 Ne2+ 24. Nxe2 Rxe2 25. Kf1 Rc2 26. Re7 Rd8 27. Re2
Rdd2 28. Rxd2 Rxd2 29. Rc1 Rxa2 30. Rc4 h5 31. h4 Rb2 32. Rxb4 Kg8 33. g3 Kg7
34. Kg2 Kg8 35. Kf3 Kg7 36. Rb6 Kg8 37. Ke3 Kg7 38. f3 Rg2 39. Kf4 Rh2 40. b4
Rb2 41. g4 hxg4 42. fxg4 Rh2 43. Kg5 Rb2 44. h5 gxh5 45. gxh5 Rg2+ 46. Kf4 Re2
47. b5 Re1 48. h6+ Kg8 49. Rf6 Rb1 50. b6 Re1 51. Kf5 Re2 52. Rc6 Rb2 53. Kf6
Rf2+ 54. Ke7 Rb2 55. Kd7 f5 56. Kc7 f4 57. b7 f3 58. b8=Q+ 1-0

[Event "TCh-TUR Super League 2015"]
[Site "Kocaeli TUR"]
[Date "2015.08.13"]
[Round "11.2"]
[Board "5"]
[White "Nikolova, Adriana"]
[Black "Isgandarova, Khayala"]
[Result "1-0"]
[WhiteTitle "WGM"]
[BlackTitle "WIM"]
[WhiteElo "2304"]
[BlackElo "2245"]
[WhiteTeam "Kocaeli Buyuksehir Belediyesi Kagit Sports Club"]
[BlackTeam "Kahramanmaras Buyuksehir Belediye Sports Club"]
[WhiteFideId "2908689"]
[BlackFideId "13401823"]
[EventDate "2015.08.04"]

1. e4 c6 2. d4 d5 3. Nd2 dxe4 4. Nxe4 Nf6 5. Ng5 h6 6. N5f3 Bf5 7. Ne2 Nbd7 8.
Ng3 Bh7 9. Bc4 Qc7 10. O-O e6 11. Qe2 Bd6 12. Re1 O-O-O 13. Ne5 Nb6 14. Nxf7
Nxc4 15. Nxd8 Rxd8 16. Qxe6+ Kb8 17. Qxc4 Rf8 18. Qe2 Bg6 19. c4 b6 20. Be3 Re8
21. Qf3 Nd7 22. c5 bxc5 23. dxc5 Be5 24. Bd2 Rf8 25. Qg4 Bh7 26. Bc3 Bxc3 27.
bxc3 Ne5 28. Qe6 1-0

[Event "TCh-TUR Super League 2015"]
[Site "Kocaeli TUR"]
[Date "2015.08.13"]
[Round "11.2"]
[Board "7"]
[White "Kilic, Efe Mert"]
[Black "Percin, Onder"]
[Result "0-1"]
[WhiteElo "1816"]
[BlackElo "1932"]
[WhiteTeam "Kocaeli Buyuksehir Belediyesi Kagit Sports Club"]
[BlackTeam "Kahramanmaras Buyuksehir Belediye Sports Club"]
[WhiteFideId "6354327"]
[BlackFideId "6345190"]
[EventDate "2015.08.04"]

1. e4 e5 2. f4 exf4 3. Nc3 Ne7 4. Bc4 d6 5. d4 Ng6 6. Nf3 Be7 7. O-O O-O 8. Nd5
Be6 9. Qd3 Bxd5 10. Bxd5 c6 11. Bb3 Na6 12. Bd2 Nc7 13. Rae1 Qd7 14. g3 fxg3 15.
hxg3 Rad8 16. c3 d5 17. e5 f6 18. exf6 Rxf6 19. Bc2 Rdf8 20. Kg2 Bd6 21. Ng5 h6
22. Rxf6 Rxf6 23. Rf1 Nh4+ 24. Kh2 Rxf1 25. Qxf1 hxg5 26. Qd3 Qg4 27. Qh7+ Kf7
28. Be1 Nf3+ 29. Kh1 Nxe1 30. Qg6+ Ke7 31. Qxg7+ Kd8 32. Qf6+ Be7 33. Qh8+ Ne8
34. Kg1 Qxg3+ 35. Kf1 Nxc2 0-1

[Event "TCh-TUR Super League 2015"]
[Site "Kocaeli TUR"]
[Date "2015.08.13"]
[Round "11.2"]
[Board "8"]
[White "Ayan, Bengu Sena"]
[Black "Gundogan, Sinem Cagla"]
[Result "0-1"]
[WhiteElo "1693"]
[BlackElo "1913"]
[WhiteTeam "Kahramanmaras Buyuksehir Belediye Sports Club"]
[BlackTeam "Kocaeli Buyuksehir Belediyesi Kagit Sports Club"]
[WhiteFideId "6346120"]
[BlackFideId "6325378"]
[EventDate "2015.08.04"]

1. e4 e5 2. Nf3 Nc6 3. Bb5 a6 4. Ba4 Nf6 5. O-O Be7 6. Bxc6 dxc6 7. d3 Bg4 8. h3
Bxf3 9. Qxf3 Qd6 10. Nd2 O-O-O 11. Nc4 Qe6 12. Qe3 Kb8 13. Bd2 g5 14. b4 Nd7 15.
a4 g4 16. h4 Bxh4 17. b5 g3 18. fxg3 Be7 19. Qh6 Bc5+ 20. Kh2 Qxh6+ 21. Bxh6
cxb5 22. axb5 axb5 23. Na3 b4 24. Nc4 f6 25. Bg7 Rhg8 26. Bxf6 Nxf6 27. Rxf6 Rg5
28. Rf5 Rdg8 29. Rxe5 b5 30. Ra5 c6 31. g4 Bd6 32. Nxd6 Rxe5 33. Nf7 Rc5 34. Ra2
Rxg4 35. Kh3 Rg7 36. e5 Rxf7 37. d4 Rc4 0-1

[Event "TCh-TUR Super League 2015"]
[Site "Kocaeli TUR"]
[Date "2015.08.13"]
[Round "11.3"]
[Board "1"]
[White "Yilmaz, Mustafa"]
[Black "Cheparinov, Ivan"]
[Result "1/2-1/2"]
[WhiteTitle "GM"]
[BlackTitle "GM"]
[WhiteElo "2582"]
[BlackElo "2690"]
[WhiteTeam "Hatay Buyuksehir Belediyesi Genclik Sports Club"]
[BlackTeam "Turk Hava Yollari (Thy) Sports Club"]
[WhiteFideId "6302718"]
[BlackFideId "2905540"]
[EventDate "2015.08.04"]

1. Nf3 c5 2. c4 Nc6 3. Nc3 g6 4. e3 Nf6 5. d4 cxd4 6. exd4 d5 7. cxd5 Nxd5 8.
Qb3 e6 9. Bb5 Bg7 10. O-O O-O 11. Bxc6 bxc6 12. Na4 Qd6 13. Re1 Rb8 14. Qc2 Nb4
15. Qc3 Nd5 16. Qc2 Nb4 17. Qc3 c5 18. Nxc5 Bb7 19. Nxb7 Rxb7 20. Bd2 Rfb8 21.
Qa3 Qd5 22. Bxb4 Rxb4 23. b3 a5 24. Rac1 a4 25. Rc8+ Rxc8 26. Qxb4 axb3 27. Qxb3
Qa5 1/2-1/2

[Event "TCh-TUR Super League 2015"]
[Site "Kocaeli TUR"]
[Date "2015.08.13"]
[Round "11.3"]
[Board "2"]
[White "Salgado Lopez, Ivan"]
[Black "Amonatov, Farrukh"]
[Result "1/2-1/2"]
[WhiteTitle "GM"]
[BlackTitle "GM"]
[WhiteElo "2615"]
[BlackElo "2592"]
[WhiteTeam "Turk Hava Yollari (Thy) Sports Club"]
[BlackTeam "Hatay Buyuksehir Belediyesi Genclik Sports Club"]
[WhiteFideId "2257327"]
[BlackFideId "14700077"]
[EventDate "2015.08.04"]

1. e4 c5 2. Nf3 d6 3. d4 cxd4 4. Nxd4 Nf6 5. Nc3 a6 6. g3 e5 7. Nde2 Nbd7 8. a4
Be7 9. Bg2 O-O 10. O-O b6 11. Nd5 Nxd5 12. Qxd5 Rb8 13. Nc3 Nf6 14. Qd3 h6 15.
Nd1 b5 16. Ne3 Qc7 17. axb5 axb5 18. Bd2 Be6 19. b3 Rfc8 20. Rfc1 g6 21. Ra5 Qc5
22. Ra6 1/2-1/2

[Event "TCh-TUR Super League 2015"]
[Site "Kocaeli TUR"]
[Date "2015.08.13"]
[Round "11.3"]
[Board "4"]
[White "Kerigan, Demre"]
[Black "Gulbas, Cemil"]
[Result "1/2-1/2"]
[WhiteTitle "IM"]
[BlackTitle "IM"]
[WhiteElo "2406"]
[BlackElo "2377"]
[WhiteTeam "Turk Hava Yollari (Thy) Sports Club"]
[BlackTeam "Hatay Buyuksehir Belediyesi Genclik Sports Club"]
[WhiteFideId "6307841"]
[BlackFideId "201820"]
[EventDate "2015.08.04"]

1. e4 c5 2. Nf3 d6 3. Bb5+ Nd7 4. O-O a6 5. Bd3 g6 6. c3 Bg7 7. Bc2 Ne5 8. d3
Nf6 9. Nbd2 O-O 10. d4 cxd4 11. cxd4 Nxf3+ 12. Nxf3 Bg4 13. h3 Bxf3 14. Qxf3 Rc8
15. Bb3 e6 16. Bg5 h6 17. Bh4 g5 18. Bg3 d5 19. exd5 Nxd5 20. Rfe1 b5 21. Be5 a5
22. Bxg7 Kxg7 23. Re5 Nf4 24. Rxb5 Qxd4 25. Rd1 Qxb2 1/2-1/2

[Event "TCh-TUR Super League 2015"]
[Site "Kocaeli TUR"]
[Date "2015.08.13"]
[Round "11.3"]
[Board "5"]
[White "Altinoz, Fevziye Ece"]
[Black "Yildiz, Betul Cemre"]
[Result "0-1"]
[BlackTitle "WGM"]
[WhiteElo "1543"]
[BlackElo "2345"]
[WhiteTeam "Hatay Buyuksehir Belediyesi Genclik Sports Club"]
[BlackTeam "Turk Hava Yollari (Thy) Sports Club"]
[WhiteFideId "6358942"]
[BlackFideId "6302920"]
[EventDate "2015.08.04"]

1. e4 g6 2. Nf3 d6 3. Bc4 Bg7 4. O-O Nf6 5. Nc3 c6 6. a4 e5 7. d3 O-O 8. h3 h6
9. Bd2 d5 10. Bb3 d4 11. Ne2 Qe7 12. Ng3 c5 13. Qc1 Kh7 14. Re1 Nc6 15. c3 dxc3
16. Bxc3 Be6 17. Bc2 Nd7 18. Qd2 Rac8 19. b3 Rfd8 20. Rac1 Ndb8 21. Qe2 Na6 22.
Red1 Nab4 23. Bxb4 Nxb4 24. Ra1 Rc6 25. Rdc1 Rcd6 26. Ne1 Rb6 27. Rcb1 Nc6 28.
Nf3 f6 29. Qd1 Qf7 30. Nd2 Nb4 31. Nc4 Rc6 32. Qe2 Rc7 33. Rd1 Rcd7 34. Nf1 h5
35. Nfe3 Bh6 36. Kh2 Kg7 37. Kg1 Nc6 38. Rab1 Nd4 39. Qd2 Bxh3 40. Kh2 Bg4 41.
Re1 Be6 42. Qd1 Bf4+ 43. Kg1 h4 44. Rb2 g5 45. Nf1 g4 46. Nfe3 Qg6 47. Kh1 g3
48. f3 h3 0-1

[Event "TCh-TUR Super League 2015"]
[Site "Kocaeli TUR"]
[Date "2015.08.13"]
[Round "11.3"]
[Board "6"]
[White "Baglan, Esat"]
[Black "Buyukasik, Diyap"]
[Result "1/2-1/2"]
[WhiteTitle "FM"]
[WhiteElo "2280"]
[BlackElo "2074"]
[WhiteTeam "Turk Hava Yollari (Thy) Sports Club"]
[BlackTeam "Hatay Buyuksehir Belediyesi Genclik Sports Club"]
[WhiteFideId "6309216"]
[BlackFideId "6319602"]
[EventDate "2015.08.04"]

1. e4 c5 2. Nf3 d6 3. d4 cxd4 4. Nxd4 Nf6 5. Nc3 a6 6. Bg5 Nbd7 7. f4 Qc7 8. Qf3
h6 9. Bxf6 Nxf6 10. f5 Qc5 11. O-O-O g5 12. fxg6 Bg4 13. gxf7+ Kxf7 14. Qd3 Bxd1
15. Nxd1 e6 16. g3 Qe5 17. Nc3 h5 18. Bh3 Bh6+ 19. Kb1 Ng4 20. Rf1+ Ke7 21. Bxg4
hxg4 1/2-1/2

[Event "TCh-TUR Super League 2015"]
[Site "Kocaeli TUR"]
[Date "2015.08.13"]
[Round "11.3"]
[Board "7"]
[White "Temizkan, Denizcan"]
[Black "Eren, Ataberk"]
[Result "0-1"]
[WhiteTitle "FM"]
[WhiteElo "1906"]
[BlackElo "1997"]
[WhiteTeam "Hatay Buyuksehir Belediyesi Genclik Sports Club"]
[BlackTeam "Turk Hava Yollari (Thy) Sports Club"]
[WhiteFideId "6325157"]
[BlackFideId "6349765"]
[EventDate "2015.08.04"]

1. d4 Nf6 2. c4 e6 3. Nf3 c5 4. d5 exd5 5. cxd5 d6 6. Nc3 g6 7. Bf4 a6 8. e4 Bg7
9. Qa4+ Bd7 10. Qb3 b5 11. Bxd6 b4 12. Nd1 Nxe4 13. Qe3 Bf5 14. Bxc5 Qxd5 15.
Bxb4 Nc6 16. Bc3 O-O 17. Bxg7 Kxg7 18. Nc3 Qa5 19. Nd4 Nxd4 20. Qxd4+ Kg8 21. b4
Qa3 22. Nd5 Rfe8 23. Be2 Be6 24. Kf1 Nc3 0-1

[Event "TCh-TUR Super League 2015"]
[Site "Kocaeli TUR"]
[Date "2015.08.13"]
[Round "11.3"]
[Board "8"]
[White "Dogan, Sevval"]
[Black "Micoogullari, Lara"]
[Result "1-0"]
[WhiteElo "1737"]
[BlackElo "1668"]
[WhiteTeam "Turk Hava Yollari (Thy) Sports Club"]
[BlackTeam "Hatay Buyuksehir Belediyesi Genclik Sports Club"]
[WhiteFideId "6322565"]
[BlackFideId "6344968"]
[EventDate "2015.08.04"]

1. e4 c5 2. Nf3 d6 3. d4 cxd4 4. Nxd4 Nf6 5. Nc3 Nc6 6. Be3 e6 7. Bc4 Be7 8. Bb3
a6 9. Qe2 O-O 10. O-O-O Qc7 11. f3 Na5 12. g4 Nxb3+ 13. axb3 b5 14. Kb1 Bb7 15.
h4 Rfc8 16. h5 Bf8 17. g5 Ne8 18. g6 h6 19. Qg2 fxg6 20. Nxe6 Qf7 21. Nxf8 Kxf8
22. hxg6 Qe6 23. Ne2 Nf6 24. Nd4 Qe5 25. Qh3 Re8 26. Bxh6 gxh6 27. Qxh6+ Ke7 28.
Qg7+ Kd8 29. Qxb7 Rc8 30. Nc6+ Rxc6 31. Qxc6 Re6 32. Rh8+ Ne8 33. Rxe8+ Rxe8 34.
Rxd6+ Ke7 35. Qd7+ 1-0

[Event "TCh-TUR Super League 2015"]
[Site "Kocaeli TUR"]
[Date "2015.08.13"]
[Round "11.4"]
[Board "2"]
[White "Ipatov, Alexander"]
[Black "Esen, Baris"]
[Result "1/2-1/2"]
[WhiteTitle "GM"]
[BlackTitle "GM"]
[WhiteElo "2621"]
[BlackElo "2567"]
[WhiteTeam "Istanbul Technical University Sports Club"]
[BlackTeam "Deniz Su Aquamatch Satranc Genclik Ve Sports Club"]
[WhiteFideId "14116731"]
[BlackFideId "6302114"]
[EventDate "2015.08.04"]

1. d4 Nf6 2. c4 g6 3. Nc3 Bg7 4. e4 d6 5. Bg5 h6 6. Be3 Ng4 7. Bc1 e5 8. d5 f5
9. Be2 Nf6 10. exf5 gxf5 11. Nf3 O-O 12. O-O Na6 13. g3 Nc5 14. Nh4 Nce4 15.
Nxe4 Nxe4 16. Qc2 Qf6 17. Rb1 Bd7 18. b4 Ng5 19. Bh5 f4 20. b5 Nh3+ 21. Kg2 Ng5
22. Kg1 Nh3+ 23. Kg2 Ng5 24. Kg1 1/2-1/2

[Event "TCh-TUR Super League 2015"]
[Site "Kocaeli TUR"]
[Date "2015.08.13"]
[Round "11.4"]
[Board "3"]
[White "Firat, Burak"]
[Black "Can, Emre"]
[Result "1/2-1/2"]
[WhiteTitle "IM"]
[BlackTitle "GM"]
[WhiteElo "2470"]
[BlackElo "2547"]
[WhiteTeam "Deniz Su Aquamatch Satranc Genclik Ve Sports Club"]
[BlackTeam "Istanbul Technical University Sports Club"]
[WhiteFideId "6305881"]
[BlackFideId "6302181"]
[EventDate "2015.08.04"]

1. e4 d6 2. d4 Nf6 3. Nc3 e5 4. Nf3 Nbd7 5. Bc4 Be7 6. a4 O-O 7. O-O c6 8. Re1
a5 9. h3 Nb6 10. Ba2 Nfd7 11. Be3 exd4 12. Qxd4 1/2-1/2

[Event "TCh-TUR Super League 2015"]
[Site "Kocaeli TUR"]
[Date "2015.08.13"]
[Round "11.4"]
[Board "4"]
[White "Kinsiz, Onur"]
[Black "Erdogdu, Mert"]
[Result "0-1"]
[BlackTitle "IM"]
[WhiteElo "2250"]
[BlackElo "2419"]
[WhiteTeam "Istanbul Technical University Sports Club"]
[BlackTeam "Deniz Su Aquamatch Satranc Genclik Ve Sports Club"]
[WhiteFideId "6301517"]
[BlackFideId "6301495"]
[EventDate "2015.08.04"]

1. e4 c5 2. Nf3 d6 3. Bb5+ Nc6 4. O-O Bd7 5. Re1 Nf6 6. c3 a6 7. Bf1 Bg4 8. h3
Bxf3 9. Qxf3 e6 10. d3 Be7 11. Nd2 O-O 12. Nc4 d5 13. exd5 Nxd5 14. g3 Qc7 15.
Ne3 Rad8 16. Nxd5 Rxd5 17. Bf4 Bd6 18. Be3 Rd8 19. Red1 Be7 20. Qe2 R5d7 21. Bg2
h6 22. Bxc6 Qxc6 23. d4 Qe4 24. Qf1 Qf3 25. Re1 cxd4 26. Bxd4 Bf6 27. Be3 h5 28.
Qe2 Qf5 29. h4 g6 30. Red1 Qa5 31. Rxd7 Rxd7 32. Qc4 Kh7 33. a3 Qd8 34. Re1 Rd5
35. Qe4 b5 36. Kh2 Qd6 37. Kg2 Bg7 38. Qf3 f5 39. Qf4 e5 40. Qf3 Qd7 41. Rc1 Rd3
42. Qe2 Qd5+ 43. Kh2 a5 44. a4 Qe4 45. Re1 bxa4 46. Bb6 Qd5 47. Bd4 Rf3 48. c4
Qc6 49. Be3 f4 50. Ba7 Rb3 51. Rc1 Qb7 52. Bc5 Rxb2 53. Rc2 fxg3+ 54. fxg3 Rxc2
55. Qxc2 Qb3 56. Qc1 e4 57. Ba3 Be5 58. Qg5 Bg7 59. Qc1 e3 60. c5 e2 61. c6 Be5 0-1

[Event "TCh-TUR Super League 2015"]
[Site "Kocaeli TUR"]
[Date "2015.08.13"]
[Round "11.4"]
[Board "5"]
[White "Dzagnidze, Nana"]
[Black "Asan, Elvan"]
[Result "1-0"]
[WhiteTitle "GM"]
[WhiteElo "2573"]
[BlackElo "1810"]
[WhiteTeam "Deniz Su Aquamatch Satranc Genclik Ve Sports Club"]
[BlackTeam "Istanbul Technical University Sports Club"]
[WhiteFideId "13601903"]
[BlackFideId "6312209"]
[EventDate "2015.08.04"]

1. Nf3 d5 2. c4 e6 3. g3 Nf6 4. Bg2 c6 5. b3 Bd6 6. d4 Nbd7 7. Bb2 O-O 8. O-O
Ne4 9. Ne1 f5 10. Nd3 Ndf6 11. Qc1 h6 12. f3 Ng5 13. Nd2 Bd7 14. Ba3 Qe7 15.
Bxd6 Qxd6 16. e3 b6 17. c5 Qc7 18. Rf2 Rac8 19. Qc3 Rfe8 20. b4 b5 21. Nb3 a6
22. a4 Rb8 23. Rfa2 Nf7 24. Ne5 g5 25. axb5 axb5 26. Ra7 Rb7 27. R7a6 Nxe5 28.
dxe5 Nh5 29. f4 Kf7 30. Nd4 Ng7 31. Bf1 Rc8 32. Bxb5 Rxb5 33. Nxb5 cxb5 34. Ra7
Qd8 35. c6 Rc7 36. Qc5 Kg6 37. Rxc7 Qxc7 38. cxd7 1-0